Princes de Monaco - Statistiques

Statistiques générales
  • Ce quiz a été pris 2 265 fois
    2 255 depuis la dernière actualisation
  • Le résultat moyen est 4 sur 9
Statistiques - réponses
Prénom % Correct
Albert
93%
Louis
72%
Charles
62%
Rainier
57%
Jacques
34%
Antoine
22%
Honoré
20%
Florestan
16%
Louise-Hippolyte
16%
Aucun quiz correspondant
Distribution des résultats
% des personnes avec chaque résultat
Percentile par nombre de réponses
Votre historique - résultats
Vous n’avez pas pris ce quiz depuis la dernière actualisation